000 00468nam a2200181Ia 4500
001 23897
005 20260414151008.0
008 260414t2014||||xx |||||||||||||| ||spa||
041 _aESP
082 _a720.92
_bS38
100 _aSemper, Gottfried,
_eAUT
245 0 _aEscritos fundamentales de Gottfried Semper :
_bl fuego y su protección
260 _c2014
300 _a373 páginas :
_c22 cm.
650 _aABD
654 _aCAU
942 _cLIB
_dJUS
_fJUS
_2ddc
_n
999 _c23897
_d23897